00711cam a2200217 a 450000100100000000500170001000800410002704000250006804100130009308200180010610000320012424000340015624500850019026000370027530000210031244000430033353400460037665000200042265000240044270000270046600000143120200929145557.0750115s1946 ag 000 f spa  aDO-SdBNPbspacBNPHU17aspaheng a843.91bA659s1 aAragón, Louis,d1897-198210aCentury was young.lEspañol13aEl siglo era joven /cLouis Aragón ; versión castellana por León Mirlás. aBuenos Aires :bClaridad,c1946. a528 p. ;c21 cm. 0aBiblioteca de grandes novelas ;vv. 22 aTítulo original:tThe century was young 4aNovela francesa 4aLiteratura francesa1 aMirlás, León,etr.